[Event "Amposta Balague Memorial 2nd"]
[Site "Amposta"]
[Date "2015.07.19"]
[Round "9"]
[White "Adan Chavarria, Pere"]
[Black "Celma Querol, Carlos"]
[Result "1-0"]
[WhiteElo "2252"]
[BlackElo "1857"]
[PlyCount "43"]
[EventDate "2015.07.15"]
[EventType "swiss"]
[EventRounds "9"]
[EventCountry "ESP"]
[SourceTitle "CBM 167 Extra"]
[Source "ChessBase"]
[SourceDate "2015.09.14"]
[SourceVersion "1"]
[SourceVersionDate "2015.09.14"]
[SourceQuality "1"]

1. e4 e6 2. d4 d5 3. e5 c5 4. c3 Nc6 5. Nf3 Qb6 6. a3 Nh6 7. Bd3 Bd7 8. dxc5 Bxc5 9. 0-0 Ng4 10. Qe2 0-0-0 11. b4 Be7 12. h3 Ngxe5 13. Nxe5 Nxe5 14. Qxe5 Bf6 15. Qg3 e5 16. Be3 Qc7 17. Bxa7 g5 18. Nd2 g4 19. h4 Bg7 20. Qe3 Rde8 21. Bb6 Qb8 22. Qc5+ 1-0

[Event "Catalunya-ch U16"]
[Site "Vila Seca"]
[Date "2011.04.16"]
[Round "1.1"]
[White "Rojano Alfonso, Carlos"]
[Black "Celma Querol, Carlos"]
[Result "1-0"]
[WhiteElo "2011"]
[BlackElo "1596"]
[PlyCount "52"]
[EventDate "2011.04.16"]
[EventType "swiss"]
[EventRounds "8"]
[EventCountry "ESP"]
[SourceTitle "EXT 2015"]
[Source "ChessBase"]
[SourceDate "2014.11.20"]
[SourceVersion "1"]
[SourceVersionDate "2014.11.20"]
[SourceQuality "1"]

1. e4 e5 2. Nf3 Nc6 3. d4 exd4 4. Nxd4 Nf6 5. Nxc6 bxc6 6. Bd3 d6 7. 0-0 Be7 8. f4 0-0 9. Qf3 Re8 10. Nc3 Bb7 11. Ne2 c5 12. c4 Bf8 13. Nc3 c6 14. Qh3 d5 15. e5 Ne4 16. Kh1 Bc8 17. g4 Re6 18. Nxe4 dxe4 19. Bxe4 Rh6 20. Qg3 Be7 21. f5 Bg5 22. Bxg5 Qxg5 23. Rad1 Rb8 24. b3 Rb7 25. Qf4 Qh4 26. g5 Qxf4 1-0